000
00334nam a2200145 a 4500
008
000404s1965||||xx 0 und c
040
_a
SNK
_b
slo
_c
SNK
_e
AACR2
100
1
_a
Manzoni, Alessandro
245
1
0
_a
Snúbenci
260
_a
Bratislava
_b
SVKL
_c
1965
300
_a
625 s.
020
_c
31,50
041
_a
slo
044
_a
xo
_c
SK
999
_c
12271
_d
12271